| 000 | 00871nam a2200253 i 4500 | ||
|---|---|---|---|
| 001 | 163440 | ||
| 003 | ES-MaACL | ||
| 005 | 20250918063041.0 | ||
| 008 | 951113s1885 sp |||| | spa d | ||
| 040 |
_aCLM _bspa _cCCPB | SIC |
||
| 100 | 1 |
_aRibadeneira, Pedro de, _d1527-1611 _9147986 |
|
| 245 | 1 | 0 |
_aTratado de la tribulación / _ccompuesto por Pedro de Rivadeneira ... de la Compañía de Jesús. |
| 260 |
_aBarcelona : _bDaniel Cortezo y Cia, _c1885. |
||
| 300 |
_a321 p. ; _c21 cm. |
||
| 490 | 1 | _aBiblioteca clásica española | |
| 597 | _aAntep. | ||
| 597 | _aMarca tip. en v. de port. | ||
| 610 | 2 | 4 |
_aIglesia Católica _94639 |
| 650 |
_aPerfección cristiana. _9136680 |
||
| 650 | 7 |
_aMoral cristiana _2embne _9142371 |
|
| 830 | 0 |
_aBiblioteca clásica española _9182443 |
|
| 852 |
_aES-MaACL _jB-1054 _z-- Enc. tela |
||
| 999 |
_c163440 _d163440 |
||